000 00804nam a2200253Ia 4500
003 GCL
008 140319s9999 xx 000 0 ara d
040 _aGCL /
_cGCL
082 0 4 _aق
_b962.04
_bم ش
100 1 _aمحسن محمد
245 1 0 _aالشيطان تاريخ مصر بالوثائق السرية البريطانية والامريكية /
_cمحسن محمد
260 _a[S.N] :
_bدار المعارف ،
_c1982
300 _a302 ص
490 _a
650 0 4 _aالعصر الحديث
650 0 4 _aمصر
650 0 4 _aتاريخ
650 0 4 _aالملك فؤاد
650 0 4 _aوثائق
650 0 4 _aالهيئات التشريعية
650 0 4 _aرجال الدولة
650 0 4 _aمصر - تاريخ - العصر الحديث - ثورة 1919
942 _2ddc
_cBK
999 _c52893
_d52893